000 00761nam a22002297a 4500
001 595
003 BD-RjUL
005 20211208233214.0
008 131118s1950 -usa|||| b||| 00| 0 eng d
035 _a(BD-RjUL)613
040 _aBD-RjUL
_beng
_cBD-RjUL
_dBD-RjUL
041 _aeng
082 _a023
_bDAE 1950
100 1 _a David, Lily Mary
_91825
245 _aEconomic status of library personnel, 1949 /
_c Prepared by Lily Mary David ; U.S. Bureau of Labor Statistics.
260 _aChicago :
_bAmerican Library Association,
_c1950.
300 _a117 p. :
_bIll., map, tables;
_c28 cm.
650 0 _aLibrarians
_zUnited States.
_955553
650 0 _aLibrarians
_xSalaries, etc.
_955554
710 _aU.S. Bureau of Labor Statistics.
_955555
942 _2ddc
_cBK
999 _c595
_d595